Statistics for Things with Long Names

Click here to take the quiz!

General Stats

  • This quiz has been taken 131 times
  • The average score is 2 of 6

Answer Stats

QuestionAnswer% Correct
This state fish of Hawaii, also known as the reef triggerfish, was sang about in High School Musical 2.Humuhumunukunukuapua'a
66%
This is the absurdly long word synonymous with silicosis, a lung disease obtained from inhaling very fine silica dust from a volcano. This term was coined by the president of the National Puzzlers' League in the 1930s.Pneumonoultramicroscopicsilicovolcanoconiosis
48%
This Welsh village resides on the island of Anglesey and has a sign in the village center with the official spelling of it. This name has been dated as far back as 1849.Llanfairpwllgwyngyllgogerychwyrndrobwllllantysiliogogogoch
39%
This is the short name for the longest-named compound known to date, standing at 189,819 letters long.Titin
33%
This hill, located in southern Hawke's Bay, is currently known as the longest place name in the world, spanning 85 letters long.Taumatawhakatangi­hangako...
30%
This Swedish name is a very long way of spelling the name "Albin." It was banned nationwide in Sweden in 1982 under an act that outlawed naming your children after past Swedish royalty.Brfxxccxxmnpcccclllmmnprxvclmnckssqlbb11116
15%

Score Distribution

Percentile by Number Answered

Percent of People with Each Score

Your Score History

You have not taken this quiz